[Event "9th Vellmar Chess Days"]
[Site "chess24.com"]
[Date "2017.07.13"]
[Round "1"]
[White "Poelig, Juergen"]
[Black "Neukirchner, Pascal"]
[Result "0-1"]
[Board "18"]
[WhiteElo "1883"]
[WhiteCountry "GER"]
[WhiteFideId "24661686"]
[WhiteEloChange "-4"]
[BlackElo "2150"]
[BlackCountry "GER"]
[BlackFideId "12997927"]
[BlackEloChange "4"]

1. Nf3 {[%clk 1:30:56]} c5 {[%clk 1:30:35]} 2. g3 {[%clk 1:31:19]} g6 {[%clk
1:30:25]} 3. Bg2 {[%clk 1:31:43]} Bg7 {[%clk 1:30:50]} 4. O-O {[%clk 1:31:59]}
Nc6 {[%clk 1:31:08]} 5. d3 {[%clk 1:32:21]} e5 {[%clk 1:29:21]} 6. e4 {[%clk
1:32:43]} Nge7 {[%clk 1:29:17]} 7. c3 {[%clk 1:32:52]} O-O {[%clk 1:29:09]} 8.
Re1 {[%clk 1:32:30]} d6 {[%clk 1:29:13]} 9. a3 {[%clk 1:24:54]} h6 {[%clk
1:22:54]} 10. b4 {[%clk 1:23:57]} Be6 {[%clk 1:21:35]} 11. Nbd2 {[%clk 1:21:55]}
Qd7 {[%clk 1:19:46]} 12. Bb2 {[%clk 1:17:03]} Bh3 {[%clk 1:04:54]} 13. Bh1 {[%clk
1:16:53]} f5 {[%clk 1:03:31]} 14. b5 {[%clk 1:06:01]} Nd8 {[%clk 1:01:26]} 15.
Qb3+ {[%clk 1:02:57]} Kh7 {[%clk 1:01:29]} 16. d4 {[%clk 1:02:16]} c4 {[%clk
0:47:54]} 17. Qxc4 {[%clk 0:52:12]} fxe4 {[%clk 0:46:51]} 18. Nxe4 {[%clk
0:51:00]} d5 {[%clk 0:46:26]} 19. Nc5 {[%clk 0:51:00]} dxc4 {[%clk 0:46:49]} 20.
Nxd7 {[%clk 0:50:44]} Bxd7 {[%clk 0:47:11]} 21. a4 {[%clk 0:49:25]} e4 {[%clk
0:38:24]} 22. Rxe4 {[%clk 0:48:06]} Nd5 {[%clk 0:38:29]} 23. Rae1 {[%clk
0:39:34]} Nf7 {[%clk 0:36:16]} 24. Nd2 {[%clk 0:32:01]} Bf5 {[%clk 0:33:09]} 25.
R4e2 {[%clk 0:30:51]} Rad8 {[%clk 0:33:02]} 26. Bxd5 {[%clk 0:24:35]} Rxd5 {[%clk
0:33:30]} 27. Re7 {[%clk 0:24:47]} Rd7 {[%clk 0:32:16]} 28. Ba3 {[%clk 0:15:50]}
Rfd8 {[%clk 0:32:30]} 29. Nxc4 {[%clk 0:15:26]} Ng5 {[%clk 0:32:06]} 30. Nd2
{[%clk 0:11:47]} Kg8 {[%clk 0:28:21]} 31. h4 {[%clk 0:10:27]} Nf7 {[%clk
0:28:43]} 32. f3 {[%clk 0:08:30]} Rxe7 {[%clk 0:29:05]} 33. Rxe7 {[%clk 0:08:31]}
Bf8 {[%clk 0:29:27]} 34. Rxb7 {[%clk 0:05:23]} Bxa3 {[%clk 0:29:51]} 35. Rxa7
{[%clk 0:05:38]} Bb2 {[%clk 0:29:37]} 36. b6 {[%clk 0:03:02]} Bxc3 {[%clk
0:29:59]} 37. Nb3 {[%clk 0:02:52]} Bc2 {[%clk 0:29:47]} 38. b7 {[%clk 0:01:55]}
Bxb3 {[%clk 0:30:10]} 39. Ra8 {[%clk 0:01:59]} Bxd4+ {[%clk 0:30:34]} 40. Kg2
{[%clk 0:02:14]} Be5 {[%clk 0:30:57]} 41. a5 {[%clk 0:25:14]} Bd5 {[%clk
1:01:26]} 42. a6 {[%clk 0:25:15]} Rxa8 {[%clk 1:01:52]} 0-1

[Event "9th Vellmar Chess Days"]
[Site "chess24.com"]
[Date "2017.07.13"]
[Round "1"]
[White "Oppitz, Peter"]
[Black "Vergin, Marcel"]
[Result "1-0"]
[Board "19"]
[WhiteElo "2136"]
[WhiteTitle "CM"]
[WhiteCountry "GER"]
[WhiteFideId "4605500"]
[WhiteEloChange "2"]
[BlackElo "1777"]
[BlackCountry "GER"]
[BlackFideId "12946010"]
[BlackEloChange "-2"]

1. e4 {[%clk 1:30:57]} c5 {[%clk 1:30:51]} 2. Nf3 {[%clk 1:31:17]} a6 {[%clk
1:31:15]} 3. c4 {[%clk 1:30:40]} d6 {[%clk 1:31:00]} 4. d4 {[%clk 1:30:36]} Bg4
{[%clk 1:31:05]} 5. dxc5 {[%clk 1:27:29]} Bxf3 {[%clk 1:28:17]} 6. Qxf3 {[%clk
1:26:55]} Qa5+ {[%clk 1:24:37]} 7. Bd2 {[%clk 1:21:59]} Qxc5 {[%clk 1:24:17]} 8.
Be2 {[%clk 1:21:11]} Nc6 {[%clk 1:23:32]} 9. O-O {[%clk 1:19:08]} Nf6 {[%clk
1:21:59]} 10. Nc3 {[%clk 1:16:16]} g6 {[%clk 1:15:45]} 11. Rac1 {[%clk 1:01:04]}
Bg7 {[%clk 1:12:20]} 12. Rfd1 {[%clk 0:53:14]} O-O {[%clk 0:56:15]} 13. Qe3
{[%clk 0:49:01]} Nd7 {[%clk 0:52:34]} 14. Qh3 {[%clk 0:44:05]} Nb6 {[%clk
0:48:52]} 15. b3 {[%clk 0:36:14]} Bd4 {[%clk 0:44:14]} 16. Be1 {[%clk 0:36:20]}
e6 {[%clk 0:43:33]} 17. Qd3 {[%clk 0:32:07]} Rfd8 {[%clk 0:40:58]} 18. b4 {[%clk
0:30:45]} Qxb4 {[%clk 0:38:32]} 19. Nb5 {[%clk 0:27:56]} Bxf2+ {[%clk 0:38:46]}
20. Bxf2 {[%clk 0:27:25]} axb5 {[%clk 0:39:01]} 21. Bxb6 {[%clk 0:26:39]} bxc4
{[%clk 0:39:15]} 22. Qe3 {[%clk 0:26:24]} Ra3 {[%clk 0:37:47]} 23. Qf2 {[%clk
0:25:59]} Rc8 {[%clk 0:33:39]} 24. Bxc4 {[%clk 0:22:51]} Ne5 {[%clk 0:32:47]} 25.
Bb3 {[%clk 0:18:09]} Rxc1 {[%clk 0:32:38]} 26. Rxc1 {[%clk 0:18:32]} Nd3 {[%clk
0:32:37]} 27. Rc8+ {[%clk 0:18:01]} Kg7 {[%clk 0:32:57]} 28. Bd4+ {[%clk
0:17:23]} Ne5 {[%clk 0:29:45]} 29. Rc7 {[%clk 0:16:52]} Ra8 {[%clk 0:26:58]} 30.
Rxf7+ {[%clk 0:16:44]} Kg8 {[%clk 0:26:56]} 31. Re7 {[%clk 0:12:55]} d5 {[%clk
0:26:03]} 32. Rxe6 {[%clk 0:10:39]} Rf8 {[%clk 0:25:49]} 33. Qe3 {[%clk 0:04:44]}
Qb5 {[%clk 0:25:51]} 34. h3 {[%clk 0:04:15]} Qf1+ {[%clk 0:25:27]} 35. Kh2 {[%clk
0:04:44]} Nf3+ {[%clk 0:25:15]} 36. gxf3 {[%clk 0:02:15]} Rxf3 {[%clk 0:25:38]}
37. Qxf3 {[%clk 0:01:40]} Qxf3 {[%clk 0:26:00]} 38. Bxd5 {[%clk 0:01:44]} Qe2+
{[%clk 0:26:13]} 39. Kh1 {[%clk 0:01:08]} Qd1+ {[%clk 0:26:37]} 40. Bg1 {[%clk
0:01:31]} Qf3+ {[%clk 0:26:39]} 41. Kh2 {[%clk 0:01:52]} Qe2+ {[%clk 0:24:05]}
42. Kg3 {[%clk 0:01:52]} Qd3+ {[%clk 0:23:26]} 43. Kg2 {[%clk 0:01:17]} Kg7
{[%clk 0:21:49]} 44. Re7+ {[%clk 0:30:36]} Kf6 {[%clk 0:52:01]} 45. Rxh7 {[%clk
0:29:46]} b5 {[%clk 0:52:21]} 46. Rf7+ {[%clk 0:29:51]} Kg5 {[%clk 0:52:41]} 47.
Rf3 {[%clk 0:29:39]} Qe2+ {[%clk 0:51:50]} 48. Bf2 {[%clk 0:29:26]} b4 {[%clk
0:50:39]} 49. Rg3+ {[%clk 0:27:47]} Kf6 {[%clk 0:50:31]} 50. Re3 {[%clk 0:27:18]}
Qd2 {[%clk 0:50:22]} 51. e5+ {[%clk 0:27:17]} Kf5 {[%clk 0:50:04]} 52. Bb3 {[%clk
0:26:50]} Qc1 {[%clk 0:49:16]} 53. e6 {[%clk 0:26:59]} Qc6+ {[%clk 0:49:37]} 54.
Kg1 {[%clk 0:24:23]} Qc1+ {[%clk 0:49:18]} 55. Kh2 {[%clk 0:24:30]} Kf4 {[%clk
0:44:18]} 56. e7 {[%clk 0:22:55]} Qf1 {[%clk 0:41:36]} 57. Bg1 {[%clk 0:22:15]}
1-0

[Event "9th Vellmar Chess Days"]
[Site "chess24.com"]
[Date "2017.07.13"]
[Round "1"]
[White "Weber, Samuel"]
[Black "Ziegenfuss, Antonia"]
[Result "1-0"]
[Board "21"]
[WhiteElo "2123"]
[WhiteCountry "GER"]
[WhiteFideId "12924008"]
[WhiteEloChange "4"]
[BlackElo "1879"]
[BlackCountry "GER"]
[BlackFideId "12962554"]
[BlackEloChange "-4"]

1. e4 {[%clk 1:30:52]} c5 {[%clk 1:30:52]} 2. Nf3 {[%clk 1:31:10]} e6 {[%clk
1:31:10]} 3. d3 {[%clk 1:30:53]} d5 {[%clk 1:28:17]} 4. Nbd2 {[%clk 1:30:12]} Nc6
{[%clk 1:27:11]} 5. g3 {[%clk 1:30:00]} Nf6 {[%clk 1:26:34]} 6. Bg2 {[%clk
1:29:58]} Be7 {[%clk 1:26:11]} 7. O-O {[%clk 1:29:30]} O-O {[%clk 1:26:04]} 8.
Re1 {[%clk 1:29:13]} Qc7 {[%clk 1:21:26]} 9. e5 {[%clk 1:26:23]} Nd7 {[%clk
1:20:39]} 10. Qe2 {[%clk 1:26:47]} b6 {[%clk 1:16:44]} 11. h4 {[%clk 1:26:14]}
Bb7 {[%clk 1:14:31]} 12. Nf1 {[%clk 1:16:49]} Rfe8 {[%clk 1:09:09]} 13. Bf4
{[%clk 1:16:30]} Rac8 {[%clk 1:07:54]} 14. N1h2 {[%clk 1:06:24]} Qd8 {[%clk
0:55:59]} 15. Bh3 {[%clk 1:00:21]} Nf8 {[%clk 0:49:01]} 16. Ng4 {[%clk 0:43:15]}
c4 {[%clk 0:41:20]} 17. d4 {[%clk 0:35:57]} f6 {[%clk 0:33:49]} 18. exf6 {[%clk
0:29:38]} Bxf6 {[%clk 0:34:10]} 19. Nxf6+ {[%clk 0:27:21]} Qxf6 {[%clk 0:34:35]}
20. c3 {[%clk 0:27:24]} h6 {[%clk 0:32:19]} 21. Ne5 {[%clk 0:12:46]} Nxe5 {[%clk
0:29:08]} 22. Bxe5 {[%clk 0:12:12]} Qf7 {[%clk 0:28:43]} 23. Qg4 {[%clk 0:11:14]}
Ng6 {[%clk 0:22:23]} 24. f4 {[%clk 0:06:26]} Rcd8 {[%clk 0:15:20]} 25. Re2 {[%clk
0:04:47]} Bc8 {[%clk 0:13:35]} 26. Qf3 {[%clk 0:02:54]} Nxe5 {[%clk 0:11:40]} 27.
Rxe5 {[%clk 0:03:23]} Re7 {[%clk 0:11:34]} 28. Rae1 {[%clk 0:03:43]} Rde8 {[%clk
0:11:57]} 29. Qe3 {[%clk 0:03:26]} Kf8 {[%clk 0:08:51]} 30. Bg4 {[%clk 0:03:23]}
Qf6 {[%clk 0:05:57]} 31. Bh5 {[%clk 0:02:44]} g6 {[%clk 0:03:19]} 32. Bg4 {[%clk
0:03:06]} Qg7 {[%clk 0:02:21]} 33. h5 {[%clk 0:02:05]} gxh5 {[%clk 0:01:03]} 34.
Bxh5 {[%clk 0:02:22]} Rd8 {[%clk 0:01:29]} 35. f5 {[%clk 0:01:54]} Rc7 {[%clk
0:00:48]} 36. fxe6 {[%clk 0:01:40]} Re7 {[%clk 0:00:56]} 37. Rf1+ {[%clk
0:00:57]} Kg8 {[%clk 0:01:16]} 38. Rf7 {[%clk 0:01:08]} 1-0

[Event "9th Vellmar Chess Days"]
[Site "chess24.com"]
[Date "2017.07.13"]
[Round "1"]
[White "Gerhardt, Dirk"]
[Black "Verhoef, Pieter"]
[Result "1/2-1/2"]
[Board "22"]
[WhiteElo "1878"]
[WhiteCountry "GER"]
[WhiteFideId "4665139"]
[WhiteEloChange "6"]
[BlackElo "2122"]
[BlackCountry "NED"]
[BlackFideId "1047264"]
[BlackEloChange "-6"]

1. d4 {[%clk 1:30:49]} Nf6 {[%clk 1:30:50]} 2. Nf3 {[%clk 1:30:50]} e6 {[%clk
1:31:10]} 3. Nbd2 {[%clk 1:29:34]} c5 {[%clk 1:30:14]} 4. e3 {[%clk 1:29:25]} b6
{[%clk 1:29:39]} 5. c3 {[%clk 1:25:36]} Bb7 {[%clk 1:29:17]} 6. Bd3 {[%clk
1:24:59]} cxd4 {[%clk 1:28:02]} 7. exd4 {[%clk 1:23:04]} Be7 {[%clk 1:28:00]} 8.
O-O {[%clk 1:21:01]} O-O {[%clk 1:28:00]} 9. Qe2 {[%clk 1:19:33]} d6 {[%clk
1:27:20]} 10. Re1 {[%clk 1:18:18]} Nbd7 {[%clk 1:27:19]} 11. Ng5 {[%clk 1:12:49]}
Qc7 {[%clk 1:23:19]} 12. Ndf3 {[%clk 1:04:59]} h6 {[%clk 1:20:18]} 13. Nxe6
{[%clk 0:55:45]} fxe6 {[%clk 1:18:17]} 14. Qxe6+ {[%clk 0:56:01]} Kh8 {[%clk
1:18:26]} 15. Nh4 {[%clk 0:56:14]} g5 {[%clk 1:00:25]} 16. Ng6+ {[%clk 0:47:14]}
Kg7 {[%clk 1:00:44]} 17. Nxf8 {[%clk 0:46:27]} Bxf8 {[%clk 1:01:01]} 18. Qf5
{[%clk 0:44:00]} Qc6 {[%clk 0:55:48]} 19. f3 {[%clk 0:39:16]} Qd5 {[%clk
0:54:54]} 20. Qg6+ {[%clk 0:33:28]} Kh8 {[%clk 0:55:10]} 21. h3 {[%clk 0:32:42]}
Qg8 {[%clk 0:55:11]} 22. Qxg8+ {[%clk 0:32:20]} Kxg8 {[%clk 0:55:21]} 23. Bd2
{[%clk 0:32:13]} d5 {[%clk 0:49:52]} 24. f4 {[%clk 0:27:34]} gxf4 {[%clk
0:45:27]} 25. Bxf4 {[%clk 0:27:51]} Ne4 {[%clk 0:45:27]} 26. a4 {[%clk 0:22:43]}
a6 {[%clk 0:43:11]} 27. Rf1 {[%clk 0:19:20]} Bg7 {[%clk 0:42:05]} 28. Rae1 {[%clk
0:19:09]} Bc6 {[%clk 0:40:27]} 29. Bc2 {[%clk 0:19:04]} Rf8 {[%clk 0:35:29]} 30.
Bd1 {[%clk 0:15:22]} 1/2-1/2

[Event "9th Vellmar Chess Days"]
[Site "chess24.com"]
[Date "2017.07.13"]
[Round "1"]
[White "Rueberg, Jobst"]
[Black "Reinecke, Katharina"]
[Result "1-0"]
[Board "23"]
[WhiteElo "2107"]
[WhiteTitle "FM"]
[WhiteCountry "GER"]
[WhiteFideId "4677501"]
[WhiteEloChange "4"]
[BlackElo "1877"]
[BlackCountry "GER"]
[BlackFideId "12929727"]
[BlackEloChange "-4"]

1. e4 {[%clk 1:30:48]} c6 {[%clk 1:30:55]} 2. c4 {[%clk 1:31:03]} d5 {[%clk
1:31:16]} 3. exd5 {[%clk 1:31:15]} cxd5 {[%clk 1:31:40]} 4. cxd5 {[%clk 1:31:38]}
Nf6 {[%clk 1:31:58]} 5. Nc3 {[%clk 1:31:59]} Nxd5 {[%clk 1:31:00]} 6. Nf3 {[%clk
1:31:31]} Nc6 {[%clk 1:26:45]} 7. d4 {[%clk 1:29:00]} g6 {[%clk 1:24:03]} 8. Qb3
{[%clk 1:24:20]} Nxc3 {[%clk 1:20:14]} 9. Bc4 {[%clk 1:16:56]} Nd5 {[%clk
1:12:14]} 10. Bxd5 {[%clk 1:17:16]} e6 {[%clk 1:11:37]} 11. Be4 {[%clk 1:02:27]}
Bg7 {[%clk 1:06:18]} 12. Be3 {[%clk 0:58:30]} O-O {[%clk 1:02:34]} 13. Rd1 {[%clk
0:51:34]} Na5 {[%clk 0:59:02]} 14. Qb4 {[%clk 0:48:02]} Nc6 {[%clk 0:56:32]} 15.
Qd2 {[%clk 0:40:33]} Bd7 {[%clk 0:54:03]} 16. O-O {[%clk 0:36:18]} Na5 {[%clk
0:51:31]} 17. Ne5 {[%clk 0:28:48]} Bb5 {[%clk 0:42:29]} 18. Rfe1 {[%clk 0:28:51]}
Rc8 {[%clk 0:39:18]} 19. Qb4 {[%clk 0:21:24]} Ba6 {[%clk 0:31:34]} 20. b3 {[%clk
0:19:52]} b6 {[%clk 0:29:01]} 21. Qa3 {[%clk 0:19:00]} Bb5 {[%clk 0:15:05]} 22.
h3 {[%clk 0:18:18]} Qh4 {[%clk 0:12:48]} 23. Bd2 {[%clk 0:17:14]} Nc6 {[%clk
0:10:46]} 24. Nf3 {[%clk 0:15:41]} Qd8 {[%clk 0:10:01]} 25. Bg5 {[%clk 0:14:29]}
Qd7 {[%clk 0:08:58]} 26. d5 {[%clk 0:10:00]} Ne5 {[%clk 0:05:58]} 27. dxe6 {[%clk
0:07:45]} Qxe6 {[%clk 0:05:23]} 28. Nxe5 {[%clk 0:06:12]} Bxe5 {[%clk 0:04:30]}
29. f4 {[%clk 0:05:16]} Bc3 {[%clk 0:03:02]} 30. Re3 {[%clk 0:04:40]} Bc6 {[%clk
0:02:14]} 31. f5 {[%clk 0:04:20]} gxf5 {[%clk 0:01:16]} 32. Rd6 {[%clk 0:03:09]}
Bxe4 {[%clk 0:00:58]} 33. Rxe6 {[%clk 0:03:17]} fxe6 {[%clk 0:00:58]} 34. Qd6
{[%clk 0:02:59]} Bd5 {[%clk 0:01:26]} 35. Rg3 {[%clk 0:03:03]} Kh8 {[%clk
0:01:08]} 36. Rxc3 {[%clk 0:03:20]} 1-0

[Event "9th Vellmar Chess Days"]
[Site "chess24.com"]
[Date "2017.07.13"]
[Round "1"]
[White "Wolf, Philipp"]
[Black "Blum, Ralph"]
[Result "1-0"]
[Board "24"]
[WhiteElo "1865"]
[WhiteCountry "GER"]
[WhiteFideId "12958948"]
[WhiteEloChange "16"]
[BlackElo "2099"]
[BlackCountry "GER"]
[BlackFideId "4633520"]
[BlackEloChange "-16"]

1. e4 {[%clk 1:30:55]} e6 {[%clk 1:30:48]} 2. d4 {[%clk 1:31:07]} d5 {[%clk
1:31:08]} 3. Nd2 {[%clk 1:31:15]} Nf6 {[%clk 1:31:27]} 4. e5 {[%clk 1:31:12]}
Nfd7 {[%clk 1:31:47]} 5. Bd3 {[%clk 1:31:19]} c5 {[%clk 1:32:09]} 6. c3 {[%clk
1:31:21]} Nc6 {[%clk 1:32:30]} 7. Ne2 {[%clk 1:31:10]} cxd4 {[%clk 1:32:33]} 8.
cxd4 {[%clk 1:31:20]} f6 {[%clk 1:32:54]} 9. exf6 {[%clk 1:29:47]} Nxf6 {[%clk
1:32:36]} 10. O-O {[%clk 1:26:53]} Bd6 {[%clk 1:31:36]} 11. Nf3 {[%clk 1:24:10]}
O-O {[%clk 1:28:31]} 12. Bf4 {[%clk 1:21:28]} Bxf4 {[%clk 1:07:44]} 13. Nxf4
{[%clk 1:20:41]} Ne4 {[%clk 1:08:04]} 14. Qc1 {[%clk 1:16:28]} Qf6 {[%clk
0:58:39]} 15. Ne2 {[%clk 0:57:14]} Bd7 {[%clk 0:46:43]} 16. Qe3 {[%clk 0:44:41]}
Nd6 {[%clk 0:31:45]} 17. Ne5 {[%clk 0:29:42]} Rad8 {[%clk 0:31:12]} 18. Ng4
{[%clk 0:21:37]} Qh4 {[%clk 0:28:12]} 19. Ne5 {[%clk 0:13:47]} Nxe5 {[%clk
0:26:29]} 20. Qxe5 {[%clk 0:12:59]} Nf7 {[%clk 0:23:30]} 21. Qe3 {[%clk 0:11:40]}
Nd6 {[%clk 0:14:47]} 22. Rac1 {[%clk 0:06:14]} Rc8 {[%clk 0:14:18]} 23. Rxc8
{[%clk 0:05:00]} Rxc8 {[%clk 0:14:02]} 24. Nf4 {[%clk 0:04:47]} Qf6 {[%clk
0:10:07]} 25. Re1 {[%clk 0:04:02]} Rf8 {[%clk 0:07:29]} 26. Nh5 {[%clk 0:00:42]}
Qh4 {[%clk 0:07:09]} 27. Ng3 {[%clk 0:00:43]} Rc8 {[%clk 0:03:06]} 28. Qe5 {[%clk
0:00:43]} Nf7 {[%clk 0:03:09]} 29. Qe3 {[%clk 0:00:38]} Nh6 {[%clk 0:02:54]} 30.
h3 {[%clk 0:00:38]} Nf7 {[%clk 0:01:52]} 31. Nf1 {[%clk 0:00:37]} Re8 {[%clk
0:01:52]} 32. Nd2 {[%clk 0:00:34]} Qf6 {[%clk 0:01:18]} 33. Nf3 {[%clk 0:00:44]}
Rc8 {[%clk 0:01:40]} 34. Rc1 {[%clk 0:00:37]} Bc6 {[%clk 0:01:27]} 35. b4 {[%clk
0:00:37]} a6 {[%clk 0:01:55]} 36. a4 {[%clk 0:00:48]} Bd7 {[%clk 0:01:51]} 37.
Rxc8+ {[%clk 0:00:55]} Bxc8 {[%clk 0:02:20]} 38. Qc1 {[%clk 0:01:18]} Qd8 {[%clk
0:02:41]} 39. Qc2 {[%clk 0:00:47]} g6 {[%clk 0:03:09]} 40. h4 {[%clk 0:00:38]}
Nd6 {[%clk 0:03:16]} 41. h5 {[%clk 0:24:00]} Nf5 {[%clk 0:32:47]} 42. hxg6 {[%clk
0:21:53]} hxg6 {[%clk 0:32:47]} 43. g4 {[%clk 0:21:41]} Nh6 {[%clk 0:32:47]} 44.
Ne5 {[%clk 0:16:36]} Bd7 {[%clk 0:32:47]} 45. Bxg6 {[%clk 0:14:57]} Bc6 {[%clk
0:29:25]} 46. Bh7+ {[%clk 0:08:16]} Kh8 {[%clk 0:27:07]} 47. Qg6 {[%clk 0:06:50]}
Qf8 {[%clk 0:26:42]} 48. g5 {[%clk 0:06:11]} Be8 {[%clk 0:26:42]} 49. gxh6 {[%clk
0:06:11]} 1-0

[Event "9th Vellmar Chess Days"]
[Site "chess24.com"]
[Date "2017.07.13"]
[Round "1"]
[White "Kuhn, Norbert"]
[Black "Kanbach, Mike"]
[Result "1-0"]
[Board "25"]
[WhiteElo "2094"]
[WhiteCountry "GER"]
[WhiteFideId "4644697"]
[WhiteEloChange "4"]
[BlackElo "1846"]
[BlackCountry "GER"]
[BlackFideId "12974536"]
[BlackEloChange "-4"]

1. e4 {[%clk 1:30:47]} e6 {[%clk 1:30:50]} 2. d4 {[%clk 1:31:13]} d5 {[%clk
1:31:08]} 3. Nc3 {[%clk 1:31:38]} Nc6 {[%clk 1:30:33]} 4. Nf3 {[%clk 1:30:36]}
Nf6 {[%clk 1:30:29]} 5. exd5 {[%clk 1:23:33]} exd5 {[%clk 1:29:15]} 6. Bd3 {[%clk
1:21:55]} Bg4 {[%clk 1:21:20]} 7. Be3 {[%clk 1:22:02]} Bd6 {[%clk 1:08:42]} 8.
Qd2 {[%clk 1:18:50]} Nb4 {[%clk 0:58:17]} 9. Be2 {[%clk 1:15:23]} Bf5 {[%clk
0:56:30]} 10. Rc1 {[%clk 1:14:49]} Ne4 {[%clk 0:54:37]} 11. Nxe4 {[%clk 1:12:57]}
dxe4 {[%clk 0:50:44]} 12. Ne5 {[%clk 1:12:23]} Nd5 {[%clk 0:45:05]} 13. Bg5
{[%clk 0:56:06]} f6 {[%clk 0:31:40]} 14. Bh4 {[%clk 0:54:30]} Qc8 {[%clk
0:28:12]} 15. Bg3 {[%clk 0:48:07]} Qe6 {[%clk 0:17:44]} 16. Nc4 {[%clk 0:44:41]}
Bxg3 {[%clk 0:15:31]} 17. hxg3 {[%clk 0:42:40]} Bg4 {[%clk 0:14:50]} 18. Bxg4
{[%clk 0:22:34]} Qxg4 {[%clk 0:15:16]} 19. Ne3 {[%clk 0:22:50]} Nxe3 {[%clk
0:15:32]} 20. Qxe3 {[%clk 0:22:58]} Qg5 {[%clk 0:10:52]} 21. Qxe4+ {[%clk
0:20:41]} Kf7 {[%clk 0:11:06]} 22. O-O {[%clk 0:20:51]} c6 {[%clk 0:11:21]} 23.
Rfe1 {[%clk 0:20:05]} Rae8 {[%clk 0:10:56]} 24. Qd3 {[%clk 0:19:30]} h5 {[%clk
0:09:58]} 25. c4 {[%clk 0:13:00]} h4 {[%clk 0:09:23]} 26. d5 {[%clk 0:12:47]} h3
{[%clk 0:08:42]} 27. dxc6 {[%clk 0:11:14]} hxg2 {[%clk 0:06:12]} 28. Kxg2 {[%clk
0:09:31]} Rxe1 {[%clk 0:05:51]} 29. Rxe1 {[%clk 0:09:54]} Qh6 {[%clk 0:04:55]}
30. Qd5+ {[%clk 0:08:20]} Kg6 {[%clk 0:04:02]} 31. c7 {[%clk 0:06:32]} 1-0

[Event "9th Vellmar Chess Days"]
[Site "chess24.com"]
[Date "2017.07.13"]
[Round "1"]
[White "Domroese, Michael"]
[Black "Stoeber, Alexander"]
[Result "1-0"]
[Board "26"]
[WhiteElo "1842"]
[WhiteCountry "GER"]
[WhiteFideId "24696145"]
[WhiteEloChange "16"]
[BlackElo "2092"]
[BlackCountry "GER"]
[BlackFideId "16211766"]
[BlackEloChange "-16"]

1. e4 {[%clk 1:30:57]} d6 {[%clk 1:30:50]} 2. Nc3 {[%clk 1:31:12]} g6 {[%clk
1:31:15]} 3. f4 {[%clk 1:31:21]} Bg7 {[%clk 1:31:39]} 4. Nf3 {[%clk 1:31:47]} Nf6
{[%clk 1:31:22]} 5. Bc4 {[%clk 1:31:34]} O-O {[%clk 1:31:09]} 6. d3 {[%clk
1:31:52]} Bg4 {[%clk 1:31:16]} 7. O-O {[%clk 1:31:04]} Nbd7 {[%clk 1:31:21]} 8.
Qe1 {[%clk 1:28:29]} Bxf3 {[%clk 1:31:15]} 9. Rxf3 {[%clk 1:28:54]} c6 {[%clk
1:31:08]} 10. Qh4 {[%clk 1:22:04]} b5 {[%clk 1:27:55]} 11. Bb3 {[%clk 1:22:32]}
Nc5 {[%clk 1:25:19]} 12. f5 {[%clk 1:20:53]} Nxb3 {[%clk 1:24:55]} 13. axb3
{[%clk 1:20:51]} h5 {[%clk 1:19:01]} 14. Bg5 {[%clk 1:16:02]} Qb6+ {[%clk
0:52:41]} 15. Kh1 {[%clk 1:15:01]} a5 {[%clk 0:40:13]} 16. Raf1 {[%clk 1:09:44]}
a4 {[%clk 0:37:24]} 17. fxg6 {[%clk 1:07:09]} fxg6 {[%clk 0:37:17]} 18. Ne2
{[%clk 1:01:23]} axb3 {[%clk 0:36:01]} 19. cxb3 {[%clk 1:00:57]} Ng4 {[%clk
0:24:21]} 20. Nf4 {[%clk 0:51:47]} e5 {[%clk 0:14:03]} 21. Nxg6 {[%clk 0:46:53]}
Nf2+ {[%clk 0:14:28]} 22. R3xf2 {[%clk 0:42:21]} Rxf2 {[%clk 0:14:42]} 23. Ne7+
{[%clk 0:42:37]} Kf8 {[%clk 0:13:54]} 24. Rxf2+ {[%clk 0:42:24]} Qxf2 {[%clk
0:13:57]} 25. Qxf2+ {[%clk 0:42:24]} 1-0

[Event "9th Vellmar Chess Days"]
[Site "chess24.com"]
[Date "2017.07.13"]
[Round "1"]
[White "Bennedik, Martin"]
[Black "Koerbel, Ekkehard"]
[Result "1/2-1/2"]
[Board "27"]
[WhiteElo "2086"]
[WhiteCountry "GER"]
[WhiteFideId "4618840"]
[WhiteEloChange "-6"]
[BlackElo "1838"]
[BlackCountry "GER"]
[BlackFideId "12976148"]
[BlackEloChange "6"]

1. e4 {[%clk 1:30:57]} e5 {[%clk 1:30:50]} 2. Nf3 {[%clk 1:31:19]} Nc6 {[%clk
1:31:16]} 3. Bb5 {[%clk 1:31:34]} g6 {[%clk 1:31:35]} 4. O-O {[%clk 1:26:28]} Bg7
{[%clk 1:31:52]} 5. c3 {[%clk 1:25:22]} a6 {[%clk 1:31:47]} 6. Ba4 {[%clk
1:24:51]} d6 {[%clk 1:31:16]} 7. d4 {[%clk 1:16:41]} Bd7 {[%clk 1:30:39]} 8. d5
{[%clk 1:16:39]} Nce7 {[%clk 1:30:29]} 9. Bxd7+ {[%clk 1:16:57]} Qxd7 {[%clk
1:30:45]} 10. c4 {[%clk 1:16:56]} h6 {[%clk 1:26:32]} 11. Nc3 {[%clk 1:11:55]} f5
{[%clk 1:23:06]} 12. Ne1 {[%clk 1:05:52]} f4 {[%clk 0:57:47]} 13. Bd2 {[%clk
1:02:56]} Nf6 {[%clk 0:57:22]} 14. c5 {[%clk 0:59:23]} O-O {[%clk 0:49:00]} 15.
cxd6 {[%clk 0:50:47]} cxd6 {[%clk 0:48:48]} 16. f3 {[%clk 0:50:47]} h5 {[%clk
0:40:19]} 17. Nd3 {[%clk 0:49:56]} g5 {[%clk 0:37:32]} 18. Rc1 {[%clk 0:42:17]}
Rac8 {[%clk 0:34:59]} 19. Qb3 {[%clk 0:39:24]} Kh8 {[%clk 0:29:51]} 20. Na4
{[%clk 0:34:18]} b5 {[%clk 0:25:14]} 21. Nc3 {[%clk 0:32:18]} g4 {[%clk 0:24:08]}
22. Na4 {[%clk 0:32:18]} 1/2-1/2